Democratic institutions (Registro nro. 12962)

Detalles MARC
000 -CABECERA
Campo de control 005190000a22001570004500
090 ## - CLASIFICACIÓN LOCAL
Colección AR
Consecutivo 03928
100 1# - ASIENTO PRINCIPAL--NOMBRE PERSONAL
Nombre personal Katz, Richard
245 10 - MENCION DE TITULO
Título Democratic institutions
Version theory and possibility
260 ## - PUBLICACION, DISTRIBUCION, ETC. (PIE DE IMPRENTA)
Fecha de publicación, distribución, etc. 1997
300 ## - DESCRIPCION FISICA
Extensión 23-56
500 ## - NOTA GENERAL
Nota general <Colección Recursos Genéticos>
650 14 - ASIENTO SECUNDARIO DE MATERIA - TERMINO TEMATICO
Término temático o nombre geográfico como elemento de entrada Ciencias políticas
650 14 - ASIENTO SECUNDARIO DE MATERIA - TERMINO TEMATICO
Término temático o nombre geográfico como elemento de entrada Análisis político
773 1# - Item fuente:
Título In Monroe, Burt L. / Electoral systems in theory and practice
Datos de la serie toward an empirically revelant theory of social choice
942 ## - ELEMENTOS ADICIONALES (KOHA)
Tipo de ítem Artículo
Existencias
Withdrawn status Lost status Damaged status No para préstamo Colección Ubicación Permanente Ubicación actual Fecha de adquisición Datos de publicación Seriada Total Checkouts Número topográfico Inventario / Código de Barras Date last seen Ejemplar Price effective from Forma de adquisición Tipo de material
      No para Préstamo Hemeroteca Bogotá Bogotá 27/02/2015 Fuera de circulación   AR 03928 017482 25/03/2015 1 25/03/2015   Artículo